00780 a2200157 45000010006000000050017000060080041000230030015000640400040000790800077001192450080001962640047002763000018003235050258003411000023005993124020260407155618.0260407a1968 arg spa dAR-UNSa-BCEJYS aAR-UNSa-BCEJYSbspacAR-UNSa-BCEJYS a658:631.1xAdministración de empresas agropecuarias(maquinarias, etc.)10aExplotaciones ganaderas y agricolasporganización administrativa contable 1aBuenos Aires :bSelección Contablec1968 a151p.c23 cm. a1. Organización administrativa - 2. Clases de establecimientos - 3. Negociaciones - 4. Contabilidad - 5. Balance de cierre - 6. Memoria descriptiva y rendición de cuentas - 7. Vocabulario y frases de uso corriente en las explotaciones agropecuarias 1 aDel Valle, Cecilio